000 01395nam a2200349 a 4500
001 ebr10479658
003 CaPaEBR
006 m u
007 cr cn|||||||||
008 021122s2003 enkb sb 001 0 eng d
010 _z 2002154508
020 _z0745320422 (hc)
020 _z0745320414 (pb)
020 _z9780745320427
020 _z9781849641722 (e-book)
040 _aCaPaEBR
_cCaPaEBR
035 _a(OCoLC)666932675
050 1 4 _aJA75.7
_b.P6627 2003eb
082 0 4 _a306.2/09/0511
_221
245 0 0 _aPolitical transition
_h[electronic resource] :
_bpolitics and cultures /
_cedited by Paul Gready.
260 _aLondon ;
_aSterling, Va. :
_bPluto Press,
_c2003.
300 _avi, 301 p. :
_bmap.
504 _aIncludes bibliographical references and index.
505 0 _apt. 1. The politics of memory -- pt. 2. Identities -- pt. 3. Re-making space -- pt. 4. Testimony and voices.
533 _aElectronic reproduction.
_bPalo Alto, Calif. :
_cebrary,
_d2013.
_nAvailable via World Wide Web.
_nAccess may be limited to ebrary affiliated libraries.
650 0 _aPolitical culture
_vCase studies.
650 0 _aPolitical science.
655 7 _aElectronic books.
_2local
700 1 _aGready, Paul.
710 2 _aebrary, Inc.
856 4 0 _uhttp://site.ebrary.com/lib/rucke/Doc?id=10479658
_zAn electronic book accessible through the World Wide Web; click to view
999 _c117587
_d117587